First line of The Beatles songs - Statistics

General Stats
  • This quiz has been taken 27 times
  • The average score is 20 of 30
Answer Stats
First line Song % Correct
Blackbird singing in the dead of night Blackbird
100%
Yesterday, all my troubles seemed so far away Yesterday
100%
Ah, look at all the lonely people Eleanor Rigby
96%
When I find myself in times of trouble Let It Be
88%
Something in the way she moves Something
88%
In the town where I was born Yellow Submarine
88%
Picture yourself in a boat on a river Lucy in the Sky with Diamonds
85%
Let me take you down, 'cause I'm going to Strawberry Fields Forever
77%
The long and winding road that leads to your door The Long and Winding Road
77%
Well, shake it up, baby, now Twist and Shout
77%
Love, love, love (×3) All You Need is Love
73%
Flew in from Miami Beach, B.O.A.C. Back in the U.S.S.R.
73%
I read the news today, oh, boy A Day in the Life
69%
I'll buy you a diamond ring, my friend Can't Buy me Love
65%
You say, "Yes", I say, "No" Hello, Goodbye
65%
There are places I remember In My Life
65%
Oh yeah, I'll tell you something I Want to Hold Your Hand
65%
I think I'm gonna be sad, I think it's today, yeah Ticket to Ride
65%
Here come old flat-top Come Together
62%
Got a good reason Day Tripper
62%
Ooh, I need your love, babe Eight Days a Week
62%
I am he as you are he as you are me I am the Walrus
62%
I'd like to be under the sea Octopus's Garden
62%
Dear Sir or Madam, will you read my book? Paperback Writer
62%
I look at you all, see the love there that's sleeping While my Guitar Gently Weeps
62%
You think you've lost your love She Loves You
50%
Let me tell you how it will be Taxman
42%
Last night, I said these words to my girl Please Please Me
38%
All through the day I Me Mine
19%
If you're listening to this song Only a Northern Song
19%
No matching quizzes found
Score Distribution
Percent of People with Each Score
Percentile by Number Answered
Your Score History
You have not taken this quiz